| 000 | 00596nam a22001817a 4500 | ||
|---|---|---|---|
| 005 | 20240130131647.0 | ||
| 008 | 240130b |||||||| |||| 00| 0 eng d | ||
| 020 | _a9780639001920 ; 9780639001937 | ||
| 041 | _aEnglish | ||
| 082 | _a346.7 GUT | ||
| 100 |
_aGutuza, T _lEnglish |
||
| 245 |
_aLegal Aspects of Financing Corporates / _cT Gutuza |
||
| 250 | _aFirst Edition | ||
| 260 |
_aCape Town : _bJuta and Company (Pty) Ltd, _c2019 |
||
| 300 |
_bix, 326 pages ; _c25 cm. |
||
| 650 |
_aLegal practice _bLaw |
||
| 942 |
_cBK _6ALISON_BN_VRIES |
||
| 999 |
_c1307 _d1307 |
||